|
|
|
|
| LEADER |
00000nab a2200000ua 4500 |
| 001 |
vtls010858797 |
| 003 |
SK-MaSNL |
| 005 |
20260303141104.0 |
| 008 |
230222s1967 xo |||||||||||||||||eng| |
| 035 |
|
|
|a (urnnbn)urn:nbn:sk:snk:ar-a07wcn
|
| 035 |
|
|
|a urn:nbn:sk:snk-ab6hcf
|
| 035 |
|
|
|a (uuid)27816c57-d5c3-464b-8c81-05775792497e
|
| 040 |
|
|
|a SNKBUCL
|b slo
|c SNKBUCL
|e AACR2
|
| 041 |
0 |
|
|a eng
|
| 044 |
|
|
|a xo
|c SK
|
| 100 |
1 |
|
|a Korčák, Pavel
|4 aut
|9 377912
|
| 245 |
1 |
0 |
|a Determination of the Value of a Historical Town or City
|c Pavel Korčák
|
| 773 |
0 |
|
|t Monumentorum tutela
|g Roč. 3, č. 3 (1967), s. 115-124
|
| 958 |
|
|
|a OND
|
| 958 |
|
|
|a EUIPO
|
| 958 |
|
|
|a article5
|
| 999 |
|
|
|c 1973913
|d 1975843
|